| 000 | 00398nam a2200157Ia 4500 | ||
|---|---|---|---|
| 005 | 20250528035646.0 | ||
| 008 | 240331s9999 xx 000 0 und d | ||
| 020 | _a9789558770023 | ||
| 082 |
_a303 _bKAD |
||
| 100 | _aWeerasinghe,A | ||
| 245 | 0 | _aKadapathak nathi jathiya | |
| 260 |
_aBoralesgamuwa _bCultural Publication _c2009 |
||
| 300 | _a231 p ., | ||
| 650 | _aCultural expression | ||
| 942 | _cL | ||
| 999 |
_c5031 _d5031 |
||